| 000 | 02635cam a22003735a 4500 | ||
|---|---|---|---|
| 001 | 18298371 | ||
| 005 | 20160825111433.0 | ||
| 008 | 140911s2015 njua frb 001 0 eng d | ||
| 010 | _a 2014031897 | ||
| 020 | _z9781118929940 | ||
| 020 | _z1118929942 | ||
| 040 |
_aDLC _beng _cDLC _dEG-ScBUE |
||
| 042 | _apcc | ||
| 043 | _an-us--- | ||
| 082 | 0 | 4 |
_222 _a332.6327 _bPOZ |
| 100 | 1 |
_aPozen, Robert C. _940887 |
|
| 245 | 1 | 4 |
_aThe fund industry : _bhow your money is managed / _cRobert Pozen and Theresa Hamacher. |
| 250 | _a2nd ed. | ||
| 260 |
_aHoboken, New Jersey : _bWiley, _c2015. |
||
| 300 |
_axvii, 525 p. : _bill. ; _c24 cm. |
||
| 490 | 0 | _aWiley finance series | |
| 500 | _aIndex : p. 493-525. | ||
| 500 | _aFirst edition published by: John Wiley & Sons, Inc., in 2011. | ||
| 504 | _aIncludes bibliographical references. | ||
| 505 | 0 | _aAn investor's guide to mutual funds: Investing through mutual funds -- How mutual funds work -- Researching funds: the user guides -- Comparing mutual funds -- The cost of fund ownership -- Mutual fund portfolio management : Portfolio management of stock funds -- Portfolio management of bond funds -- Appendix to Chapter 7: Funds and derivatives -- Portfolio management of money market funds -- Implementing Portfolio decisions: trading -- Mutual funds as stockholders -- Sales and operations : Retail distribution -- Retirement saving through 401 k plan -- Other retirement planning options -- Fund operations -- Beyond traditional funds : Exchange- traded funds -- Hedge funds -- The internationalization of mutual funds : Cross-border investing -- Cross-border asset gathering -- Appendix to chapter 18 : Gathering fund assets through retirement plans. | |
| 520 | _aDetails how mutual funds are marketed, regulated, and invested in stocks and bonds. The book also describes the critical factors needed to choose a specific fund for your investment or retirement plan, including what to look for when reading prospectuses, shareholder reports and third party reviews. In addition, the book: Discusses the spread of mutual funds to Asia, Europe, and Latin America -- Compares mutual funds to other investment vehicles such as hedge funds and ETFs -- Shows how to sort mutual funds by categories and subcategories based on security type and investment objective. | ||
| 650 | 7 |
_aMutual funds _zUnited States. _2BUEsh _940889 |
|
| 650 | 7 |
_aMutual funds. _936588 _2BUEsh |
|
| 651 | _2BUEsh | ||
| 653 |
_bBUSADM _cAugust 2016 |
||
| 700 | 1 |
_aHamacher, Theresa. _940888 |
|
| 856 |
_kpozen012 _uwww.wiley.com/go/fundindustry2 _yCompanion website |
||
| 942 |
_2ddc _e22 _k332.6327 POZ |
||
| 999 |
_c22237 _d22209 |
||